000 00786cam a2200229 4500
001 WB3628-29
008 000000n2000 000 0 eng u
035 _a(Sirsi) u107241
245 _aBrown's rural review
260 _c2000
490 _aFinancial Times
_v19 July 2000, 6(1)
490 _aTimes
_v19 July 2000, 17(1)
520 _aOutlines the rural aspects of the government spending review which include plans to handle 95% of farmers' subsidies electronically, and co-ordinate payments under the European Union's Common Agriculture Policy and Intervention Board.
590 _aWB
650 _aGOVERNMENT POLICY
650 _aSPENDING REVIEW
650 _aRURAL ECONOMY
650 _aAGRICULTURE
650 _aEUROPEAN UNION
690 _aRural
_96268
942 _n0
999 _c64117
_d64117